000 00511nam a22001817a 4500
005 20170329124316.0
010 _aENG-117628
020 _a9789382524427
_c395.00
035 _aEN-101160
037 _bDABD/PUB
082 _aN
100 _aRichharia, Ritambhara
245 _aTwists and turns /
_cby Ritambhara Richharia
260 _aNew Delhi
_bThe Book Line
_c2017
270 _a106,4787 23,Ist Floor,Ansari Road,Daryaganj
_bNew Delhi
_e110001
300 _a159p.
_c22m(Hb)
942 _2ddc
_cEN
_hN
_mRIC
999 _c138532
_d138532